000 00644nam a2200205 a 4500
001 000007417
005 20200929154149.0
008 090908s2003 sp a 001 0 spa d
020 _a9580473706
040 _aDO-SdBNP
082 _a332.6
_bE77a
100 1 _aEspinal Martínez, Marco Vinicio
_920600
245 1 0 _aAnálisis financiero de proyectos /
_cMarco Vinicio Espinal Martínez.
260 _aSanto Domingo, :
_bNorma,
_c2003.
300 _a409 p. :
_bil ;
_c23 cm.
500 _aIncluye datos biográficos
504 _aIncluye referencias bibliográficas
590 _aInventariado, 2018/ YL
650 4 _aAnálisis financiero
_918231
999 _c7198
_d7198